New Hampshire by Picture - Statistics

General Stats
  • This quiz has been taken 58 times
    16 since last reset
  • The average score is 9 of 15
Answer Stats
Picture Hint Answer % Correct
capital Concord
93%
Ivy League college Dartmouth
87%
tallest mountain Mt. Washington
80%
collapsed 2003 Old Man of the Mountain
80%
president from NH Franklin Pierce
73%
beach Hampton Beach
67%
coastal city Portsmouth
67%
northernmost county Coos
53%
largest lake Lake Winnipesaukee
53%
river Merrimack River
53%
outdoor museum {Strawbery} Banke
53%
first American to visit space Alan Shepard
47%
mountain rail {Cog} Railway
47%
islands shared with Maine Isles of {Shoals}
40%
region Monadnock
40%
No matching quizzes found
Score Distribution
Percent of People with Each Score
Percentile by Number Answered
Your Score History
You have not taken this quiz since the last reset